Statistics for Football Teams Didier Drogba Played For

Click here to take the quiz!

General Stats

  • This quiz has been taken 32 times
  • The average score is 5 of 10

Answer Stats

LeagueYearsTeam% Correct
England2004-2012Chelsea FC
100%
England2014-2015Chelsea FC
100%
Turkey2013-2014Galatasaray SK
80%
France2003-2004Olympique de Marseille
80%
USA2015-2017CF Montréal
56%
France2002-2003EA Guingamp
32%
China2012-2013Shanghai Shenhua
32%
France1998-2002Le Mans FC
20%
France1997-1998Le Mans FC B
20%
USA2017-2018Phoenix Rising FC
16%

Score Distribution

Percentile by Number Answered

Percent of People with Each Score

Your Score History

You have not taken this quiz